| 000 | 00444nam a22001817a 4500 | ||
|---|---|---|---|
| 003 | OSt | ||
| 005 | 20170105103441.0 | ||
| 008 | 120425t xxu||||| |||| 00| 0 eng d | ||
| 020 | _a8184481543 | ||
| 040 | _cASAB | ||
| 050 | _a616.01 , BHA | ||
| 100 |
_aRajesh Bhatia _9151 |
||
| 245 |
_aEssentials of Medical Micobiology _cRajesh Bhatia |
||
| 260 |
_aIndia _bJaypee |
||
| 300 | _a500 | ||
| 650 |
_a Medical Micobiology _9152 |
||
| 942 |
_2lcc _cBK |
||
| 999 |
_c16476 _d16476 |
||